STN EN 13445-4: 2003 (69 0010) [neplatná], Nevyhrievané tlakové nádoby Časť 4 Výroba
Norma je slovenskou verziou EN 13445-4: 2002
| Corporate Author: | |
|---|---|
| Other Authors: | , |
| Format: | Book |
| Language: | Slovak English |
| Published: |
Bratislava
Slovenský ústav technickej normalizácie
2003
|
| Subjects: |
MARC
| LEADER | 00000nam a2200000 a 4500 | ||
|---|---|---|---|
| 001 | vtls009734323 | ||
| 003 | SK-MaSNL | ||
| 005 | 20260301082500.0 | ||
| 008 | 160624s2003 xo a f u 000 0 slo | ||
| 020 | |c cen. skup.15 | ||
| 035 | |a (SVKBBclas03)vtls000214065 | ||
| 040 | |a SNK |b slo |c SNK |e AACR2 | ||
| 041 | 1 | |a slo |a eng |h [eng] | |
| 044 | |a xo |c SK | ||
| 046 | |a m |m 200312 (účin.) |n 20091201 (zruš.) | ||
| 072 | 7 | |a 621 |x Strojárstvo |2 konspekt | |
| 080 | |a 621.722 |2 2001 | ||
| 080 | |a 621.642.3 |2 2001 | ||
| 080 | |a 006.85 |2 2001 | ||
| 080 | |a (4)CEN |2 2001 | ||
| 080 | |a (437.6) |2 2001 | ||
| 080 | |a (083.744) |2 2001 | ||
| 084 | |a 23.020.30 |2 ICS | ||
| 130 | 0 | |a STN 69 0010 (STN EN 13445-4) [neplatná] |9 407496 | |
| 245 | 1 | 0 | |a STN EN 13445-4: 2003 (69 0010) [neplatná], Nevyhrievané tlakové nádoby |n Časť 4 |p Výroba |
| 246 | 1 | 0 | |a Nevyhrievané tlakové nádoby |
| 246 | 1 | 0 | |a Výroba |
| 246 | 3 | 0 | |a EN 13445-4: 2002 E |
| 260 | |a Bratislava |b Slovenský ústav technickej normalizácie |c 2003 | ||
| 300 | |a 52 s. |b obr., tab. |c 30 cm | ||
| 500 | |a Táto norma nahrádza anglické znenie STN EN 13445-4 z decembra 2002 a od 31.12.2003 nahrádza STN 69 0010-6-1 a STN 69 0010-6-2 z marca 1993 v celom rozsahu | ||
| 500 | |a [Norma je nahradená anglickou verziou normy STN EN 13445-4 z decembra 2009, ktorú nahradila slovenská verzia normy STN EN 13445-4 z apríla 2012 v celom rozsahu] | ||
| 500 | |a Spracovateľ: Výskumný ústav zváračský Bratislava, Iveta Paldanová, Karol Kálna | ||
| 504 | |a Citované normy a súvisiace právne predpisy: s. 2-3; literatúra: s. 52 | ||
| 520 | 8 | |a Norma je slovenskou verziou EN 13445-4: 2002 | |
| 540 | |a STN vydané na akomkoľvek nosiči sa môžu rozmnožovať a rozširovať iba so súhlasom určenej právnickej osoby |b SÚTN Bratislava |c zákon 264/1999 Z.z. | ||
| 546 | |a Normatívne odkazy a literatúra aj v angličtine | ||
| 650 | 0 | 7 | |a tlakové nádoby |2 SNKPH |9 73347 |
| 650 | 0 | 7 | |a výroba tlakových nádob |2 SNKPH |9 320442 |
| 650 | 0 | 7 | |a technické normy a štandardy |z Slovensko |2 SNKPH |9 79594 |
| 650 | 0 | 7 | |a technické normy a štandardy |z krajiny Európskej únie |2 SNKPH |9 289341 |
| 655 | 7 | |a normy |2 SNKPH |9 70643 | |
| 700 | 1 | |a Paldanová, Iveta |4 trl |9 18075 | |
| 700 | 1 | |a Kálna, Karol, |d 1934- |4 trl |9 125999 | |
| 710 | 2 | |a Výskumný ústav zváračský - Priemyselný inštitút SR (Bratislava, Slovensko) |4 trl |9 36729 | |
| 710 | 2 | |a Slovenský ústav technickej normalizácie (Bratislava, Slovensko). |b Technická normalizačná komisia č. 68 Kotly a tlakové nádoby |4 stn |9 322759 | |
| 730 | |a STN 69 0010-6-1: 1993 |g neplatná od 31.12.2003 |9 407497 | ||
| 730 | |a STN 69 0010-6-2: 1993 |g neplatná od 31.12.2003 |9 407498 | ||
| 774 | 1 | 8 | |t STN EN 13445-4/O1: 2005 |d Bratislava : Slovenský ústav technickej normalizácie, 2005 |w vtls009733417 |
| 774 | 1 | 8 | |a STN EN 13445-4/O2: 2005 |d Bratislava : Slovenský ústav technickej normalizácie, 2005 |w vtls009734135 |
| 774 | 1 | 8 | |t STN EN 13445-4/O3: 2006 |d Bratislava : Slovenský ústav technickej normalizácie, 2006 |w vtls009866099 |
| 774 | 1 | 8 | |t STN EN 13554-4: 2012 |d Bratislava: Slovenský ústav technickej normalizácie, 2012 |w vtls010351729 |
| 774 | 1 | 8 | |t STN EN 13445-4/A2: 2007 |d Bratislava : Slovenský ústav technickej normalizácie, 2007 |w vtls009800645 |
| 774 | 1 | 8 | |t STN EN 13445-4/A3: 2009 |d Bratislava : Slovenský ústav technickej normalizácie, 2009 |w vtls009940287 |
| 774 | 1 | 8 | |t STN EN 13445-4/A5: 2009 |d Bratislava : Slovenský ústav technickej normalizácie, 2009 |w vtls009940316 |
| 852 | |a Štátna vedecká knižnica v Banskej Bystrici | ||
| 958 | |a OP | ||
| 958 | |a NB | ||
| 999 | |c 658621 |d 660551 | ||
| 952 | |t P60, <03>, [BOOK], {603} |a SNK |b SNK |y PREZ |7 0 |p 17A0415013 |o snkSTN EN 13445-4 |i snkN 591/2004 |0 0 |1 0 |4 0 |d 2004-02-25 |l 0 |r 2005-01-02 00:00:00 |w 2026-02-23 | ||
| 952 | |a SNK |b SNK |y PREZ |7 0 |p 17A0415014 |o snkSTN EN 13445-4 D1 |i snkN 592/2004 |0 0 |1 0 |4 0 |d 2004-02-25 |l 0 |r 2005-01-02 00:00:00 |w 2026-02-23 | ||


